Canada dry : temperance crusades before Confederation /

Bibliographic Details
Main Author: Noel, Janet
Format: Book
Language:English
Published: Toronto ; Buffalo : University of Toronto Press, [1995]
Subjects:

MARC

Tag First Indicator Second Indicator Subfields
LEADER 00000cam a2200000 a 4500
001 in00001236734
005 20151003071720.0
008 940719s1995 onc b 001 0 eng d
010 |a cn 94932101  
015 |a C94-932101-X 
020 |a 0802005527 (bound) 
020 |a 0802069762 (pbk.) 
035 |a (OCoLC)31288859 
035 |9 AGT5017AM 
040 |a CaOTU  |b eng  |c NLC  |d ORU  |d TXA  |d UtOrBLW 
049 |a TXAM 
055 1 |a HV5306 
082 0 |a 363.4/1/0971  |2 20 
090 |a HV5306  |b .N64 1995 
100 1 |a Noel, Janet. 
245 1 0 |a Canada dry :  |b temperance crusades before Confederation /  |c Jan Noel. 
264 1 |a Toronto ;  |a Buffalo :  |b University of Toronto Press,  |c [1995] 
264 4 |c ©1995 
300 |a vi, 310 pages :  |b illustrations ;  |c 24 cm. 
336 |a text  |b txt  |2 rdacontent 
337 |a unmediated  |b n  |2 rdamedia 
338 |a volume  |b nc  |2 rdacarrier 
504 |a Includes bibliographical references and index. 
650 0 |a Temperance  |z Canada  |x History. 
999 |a MARS 
999 f f |s 36ac51cc-9aed-3c19-9066-46f1305e7912  |i 8d00b628-7b0a-37b2-b285-cfd4b70c45b8  |t 0 
952 f f |p ric  |a Texas A&M University  |b Rellis Campus  |c Joint Library Facility  |d Remote Storage  |t 0  |e HV5306 .N64 1995  |h Library of Congress classification  |i unmediated -- volume  |m A14819155063 
998 f f |a HV5306 .N64 1995  |t 0  |l Remote Storage